00796nam a2200253 a 450000100060000000300080000600500170001400800410003102000150007203500190008704000270010604100080013308200220014110000190016324501140018225000120029626000560030830000340036450000230039850400410042165000320046265100260049470000220052071507BD-RJUL20211209082126.0170504s1988 enkb 001 0 eng d a0876921837 a(BD-RJUL)71723 aKLGcKLGdBD-RJULbeng aeng 223a950bCLF 1988 aClyde, Paul H.14aThe Far East :bA History Of Western Impacts And Eastern Responses 1830-1975 /cPaul H.Clyde & Burton F.Beers a6th ed. aNew Delhi :bPrentice Hall,cc1976 [Printin 19788]. axxi, 545 p. :bill. ;c23 cm. aPrevious ed. 1951. aIncludes bibliographies and indexes. 0aHuman geographyzEast Asia. 0aEast AsiaxGeography. aBeers, Burton F.